| 000 | 00866nam a2200205Ia 4500 | ||
|---|---|---|---|
| 999 |
_c39145 _d39145 |
||
| 001 | 5728 | ||
| 003 | GE_BSU | ||
| 005 | 20190628152547.0 | ||
| 008 | 181216s1961|||| |||||||||||||| ||geo|| | ||
| 041 | _ageo | ||
| 080 | _a621.771(075.8) ნ-81 | ||
| 100 |
_aნოზაძე,ა.დ. _93054 |
||
| 245 |
_aგლინვის წარმოების საფუძვლები : წიგნი პირველი / _cა.დ. ნოზაძე ; ჯ.მ. ლომსაძე ; რედ : ლ.ნ.ოკლეი. |
||
| 264 |
_aთბილისი : _bცოდნა, _c1961. |
||
| 300 |
_a431 გვ .: _bილ ; _c22 სმ. |
||
| 653 | _aგლინვის წარმოება | ||
| 700 |
_aლომსაძე, ჯ.მ. _93055 |
||
| 700 |
_aოკლეი, ლ.ნ _eრედაქტორი _93056 |
||
| 942 |
_cBK _2udc |
||